[Event "FSGM June"]
[Site "Budapest HUN"]
[Date "2004.06.11"]
[Round "7"]
[White "Karatorossian,D"]
[Black "Paschall,W"]
[Result "0-1"]
[WhiteElo "2401"]
[BlackElo "2381"]

1.c4 b6 2.Nf3 Bb7 3.g3 Bxf3 4.exf3 c5 5.d4 cxd4 6.Qxd4 Nc6 7.Qd2 e6 8.Nc3 Bb4
9.a3 Bxc3 10.Qxc3 Nf6 11.Bg2 Rc8 12.b4 d5 13.cxd5 Na5 14.Qd3 Nc4 15.f4 O-O
16.O-O Nxd5 17.Ra2 Ne7 18.Qe2 Nf5 19.Rd1 Qf6 20.Bb2 Nxb2 21.Rxb2 Rc3 22.Qa6 Rc7
23.Rbd2 h5 24.Qe2 g6 25.Qe5 Qxe5 26.fxe5 Rc3 27.Rd3 Rfc8 28.Bb7 R8c7 29.Rxc3 Rxc3
30.a4 Rc4 31.Rd8+ Kg7 32.Ra8 Rxb4 33.Rxa7 g5 34.Kf1 Nd4 35.Ke1 Rb2 36.h3 Re2+
37.Kd1 Rxf2 38.Ra6 Ra2 39.Be4 Ra1+ 40.Kd2 Nb3+ 41.Ke3 Re1+ 42.Kf3 Rxe4 43.Rxb6 Nd2+  0-1

[Event "8th Open"]
[Site "Voronezh RUS"]
[Date "2004.06.18"]
[Round "7"]
[White "Provotorov,I"]
[Black "Sevian,A"]
[Result "1-0"]
[WhiteElo "2337"]
[BlackElo "2208"]

1.c4 b6 2.d4 e6 3.e4 Bb7 4.Bd3 Bb4+ 5.Bd2 Qe7 6.Nf3 Nf6 7.Qc2 Bxd2+ 8.Nbxd2 d6
9.O-O e5 10.c5 O-O 11.a3 Rc8 12.Rac1 g6 13.Bb5 bxc5 14.dxc5 dxc5 15.Rfe1 Nbd7
16.Nb3 Rab8 17.a4 Kg7 18.Nfd2 Rd8 19.Na5 Nf8 20.Ndb3 Ne6 21.Nxb7 Rxb7 22.Na5 Nd4
23.Qxc5 Qxc5 24.Rxc5 Rbb8 25.Rxe5 Nxb5 26.axb5 Rd2 27.Nc6 Rb7 28.b4 Nd7 29.Re7 Rxb5
30.e5 Nf8 31.e6 Rf5 32.Rxf7+ Rxf7 33.exf7 Kxf7 34.Nxa7 Rd6 35.Rc1 Ra6 36.Rxc7+ Kg8
37.h3 Ne6 38.Rb7 Nd4 39.Kh2 Ra2 40.Rd7 Nf5 41.b5 Rxf2 42.b6  1-0

[Event "Masters"]
[Site "Grenoble FRA"]
[Date "2004.06.22"]
[Round "5"]
[White "Van Hoolandt,P"]
[Black "Grimberg,G"]
[Result "1/2-1/2"]
[WhiteElo "2237"]
[BlackElo "2318"]

1.c4 b6 2.Nf3 Bb7 3.g3 Bxf3 4.exf3 c5 5.d4 Nc6 6.d5 Nd4 7.Be3 e5 8.dxe6 dxe6
9.Nc3 Nf6 10.Bg2 Rc8 11.O-O Be7 12.f4 O-O 13.g4 Qc7 14.g5 Ne8 15.Qg4 Nd6
16.b3 Rcd8  1/2-1/2

[Event "22nd Open"]
[Site "Andorra la Vella AND"]
[Date "2004.07.07"]
[Round "5"]
[White "Narciso Dublan,M"]
[Black "Navarro Cia,M"]
[Result "1-0"]
[WhiteElo "2484"]
[BlackElo "2325"]

1.c4 b6 2.d4 Bb7 3.Bg5 Nf6 4.Bxf6 gxf6 5.Nc3 f5 6.Nf3 e6 7.a3 d6 8.g3 Bxf3
9.exf3 Bg7 10.f4 Nd7 11.Bg2 Rb8 12.O-O O-O 13.Nb5 a5 14.Na7 Qf6 15.Qa4 Rbd8
16.Rad1 c5 17.Nc6 Rc8 18.dxc5 Nxc5 19.Qb5 Qxb2 20.Ne7+ Kh8 21.Nxc8 Qxb5 22.cxb5 Rxc8
23.Rxd6 Rb8 24.Rfd1 Bb2 25.Rd8+ Rxd8 26.Rxd8+ Kg7 27.Rb8 Na4 28.Bf3 Bd4 29.Rc8 Bf6
30.Bh5 Be7 31.Rc4 Nb2 32.Rc6 Na4 33.Bd1 Nb2 34.Rxb6  1-0

[Event "Open A"]
[Site "Klatovy CZE"]
[Date "2004.07.09"]
[Round "7"]
[White "Sykora,P"]
[Black "Muron,M"]
[Result "0-1"]
[WhiteElo "2069"]
[BlackElo "2198"]

1.c4 b6 2.Nf3 Bb7 3.Nc3 c5 4.d4 Bxf3 5.exf3 cxd4 6.Nb5 e5 7.Qe2 Nc6 8.f4 a6
9.Na3 Bb4+ 10.Bd2 Bxd2+ 11.Qxd2 d6 12.Bd3 Nge7 13.O-O O-O 14.f5 f6 15.g4 Kh8
16.f4 Qd7 17.Rf3 d5 18.Rh3 e4 19.cxd5 Qxd5 20.Bc4 Qd6 21.Qf2 h6 22.Be6 b5
23.Kh1 Ng8 24.g5 fxg5 25.Qg2 Nce7 26.fxg5 Nxf5 27.gxh6 Ngxh6 28.Bxf5 Rxf5
29.Qxe4 Raf8 30.Nc2 Rf4 31.Qg2 Rf2 32.Qe4 d3 33.Ne3 d2 34.Rg1 Rf1 35.Rg3 Rxg1+
36.Rxg1 Rf4 37.Qg2 Qe5 38.Nd5 Rg4 39.Qxd2 Qe4+ 40.Rg2 Qb1+  0-1

[Event "111th ch-SCO"]
[Site "Hamilton SCO"]
[Date "2004.07.12"]
[Round "3"]
[White "MacDonald,C"]
[Black "Redpath,J"]
[Result "1/2-1/2"]
[WhiteElo "2018"]
[BlackElo "2219"]

1.c4 b6 2.Nc3 Bb7 3.e4 c5 4.Nge2 Nc6 5.d3 g6 6.g3 Bg7 7.Bg2 e6 8.O-O Nge7
9.h3 O-O 10.Be3 h6 11.Qd2 Kh7 12.Rad1 Nd4 13.f4 d6 14.Bxd4 cxd4 15.Nb5 Nc6
16.f5 a6 17.Na3 g5 18.Rf2 Be5 19.Rdf1 f6 20.fxe6 Bc8 21.g4 Bxe6 22.Ra1 Kg7
23.Bf3 h5 24.Kg2 Qd7 25.Ng3 hxg4 26.hxg4 Bxg4 27.Nf5+ Bxf5 28.exf5 Bf4 29.Qd1 Rh8
30.Qa4 Rac8 31.Qxa6 Nb4 32.Qxb6 Nxd3 33.Re2 Be5 34.Rc2 Rb8 35.Qa5 Rh2+ 36.Kg1 Rxc2
37.Nxc2 Rxb2 38.Qa3 Qxf5 39.Qa7+ Kh6 40.Qa8 Bh2+ 41.Kxh2 Qf4+ 42.Kh1 Qh4+
43.Kg1 Qf2+ 44.Kh1 Qh4+ 45.Kg1 Qg3+ 46.Bg2 Qf2+ 47.Kh1 Qh4+ 48.Kg1 Qf2+ 49.Kh1  1/2-1/2

[Event "15th Open"]
[Site "Ljubjana SLO"]
[Date "2004.07.13"]
[Round "5"]
[White "Ftacnik,L"]
[Black "Kovacevic,B"]
[Result "1/2-1/2"]
[WhiteElo "2549"]
[BlackElo "2478"]

1.c4 b6 2.d4 Bb7 3.Nc3 e6 4.a3 f5 5.e3 Nf6 6.f3 g6 7.Bd3 Bg7 8.Nge2 O-O 9.O-O c5
10.d5 Na6 11.e4 fxe4 12.fxe4 Ng4 13.Bf4 e5 14.Bd2 Bh6 15.Bxh6 Qh4 16.h3 Nxh6
17.Nb5 Nf7 18.Qe1 Qe7 19.Qg3 d6 20.Rf2 Nc7 21.Nxc7 Qxc7 22.Raf1 Nh8 23.Nc3 Qe7
24.Be2 Rxf2 25.Qxf2 Kg7 26.Bg4 Bc8 27.Qf3 h5 28.Bxc8 Rxc8 29.Rf2 Nf7 30.Kf1 a6
31.Ke2 Rb8 32.a4 Ng5 33.Qe3 Nh7 34.Kd3 Qh4  1/2-1/2

[Event "111th ch-SCO"]
[Site "Hamilton SCO"]
[Date "2004.07.17"]
[Round "8"]
[White "MacDonald,C"]
[Black "Stevenson,J"]
[Result "1/2-1/2"]
[WhiteElo "2018"]
[BlackElo "2111"]

1.c4 b6 2.Nc3 Bb7 3.e4 e6 4.Nge2 Bb4 5.d3 Ne7 6.g3 O-O 7.Bg2 d5 8.exd5 exd5
9.O-O Bc6 10.a3 Bxc3 11.Nxc3 Qd7 12.Re1 d4 13.Ne4 a5 14.Qh5 Qf5 15.Qxf5 Nxf5
16.Bf4 Ra7 17.Bh3 Bd7 18.Ng5 h6 19.Nf3 g5 20.Be5 f6 21.Bxf5 Bxf5 22.Bxd4 c5
23.Bc3 Bxd3 24.Nd2 Kf7 25.Re3 Rd8 26.Rae1 Rd6 27.Ne4 Bxe4 28.Rxe4 Nc6 29.Kg2 a4
30.Re8 Nd4 31.Rb8 Ne6 32.Re3 Nd4 33.Ree8 Re7 34.Rxe7+ Kxe7 35.Ra8 Ne2 36.Ra7+ Ke6
37.Rxa4 Nxc3 38.bxc3 Ke5 39.Ra6 Rd3 40.Rxb6 Rxc3 41.a4 Rxc4 42.a5 Ra4 43.a6 h5
44.Rc6 c4 45.Kf3 f5 46.Rc5+ Ke6 47.a7 Ra3+ 48.Ke2 Rxa7  1/2-1/2

[Event "Glorney Cup"]
[Site "Aberdeen SCO"]
[Date "2004.07.27"]
[Round "3"]
[White "MacDonald,C"]
[Black "Rees,I"]
[Result "1-0"]
[WhiteElo "2018"]
[BlackElo "2210"]

1.c4 b6 2.Nc3 Bb7 3.e4 e6 4.Nge2 Bb4 5.a3 Bxc3 6.Nxc3 d6 7.d3 Nd7 8.Qg4 Kf8
9.Be2 Ne7 10.O-O h5 11.Qh3 Nc6 12.Be3 g6 13.f4 f5 14.d4 Ne7 15.d5 exd5 16.Bd4 Rh7
17.exd5 Ng8 18.g4 fxg4 19.Bxg4 Ndf6 20.Be6 Bc8 21.Rae1 Re7 22.f5 g5 23.Ne4 Rg7
24.Bxg8  1-0

[Event "Open Dutch Champ"]
[Site "Dieren NED"]
[Date "2004.07.28"]
[Round "2"]
[White "Veltman,J"]
[Black "Van Kerkhof,D"]
[Result "0-1"]
[WhiteElo "2053"]
[BlackElo "2173"]

1.c4 b6 2.Nc3 Bb7 3.e4 e6 4.Nf3 g6 5.Be2 Bg7 6.O-O d6 7.d3 Nd7 8.Bg5 Ne7
9.Qd2 h6 10.Be3 g5 11.Rac1 Ng6 12.d4 Qe7 13.b4 c5 14.dxc5 Bxc3 15.Qxc3 dxc5
16.bxc5 Nxc5 17.Bd4 Nxe4 18.Qb2 O-O 19.Rfd1 f6 20.Nd2 Nf4 21.Bf1 e5 22.Be3 Nc5
23.Nb3 Nfe6 24.Rc2 Na4 25.Qb1 f5 26.Qa1 f4 27.Bc1 Ng7 28.Rcd2 Bc6 29.c5 bxc5
30.Bc4+ Kh8 31.Rd6 Rf6 32.Rxf6 Qxf6 33.Re1 Re8 34.Ba3 Nf5 35.Nxc5 Nxc5 36.Bxc5 Bxg2
37.Bxa7 Bb7 38.Bd3 Nh4 39.Be4 Bxe4 40.Rxe4 Qf5 41.Rb4 Qh3  0-1

[Event "2nd North Urals Cup"]
[Site "Krasnoturinsk RUS"]
[Date "2004.07.31"]
[Round "8"]
[White "Galliamova,A"]
[Black "Matveeva,S"]
[Result "1/2-1/2"]
[WhiteElo "2490"]
[BlackElo "2482"]

1.c4 b6 2.e4 Bb7 3.Nc3 e6 4.a3 c5 5.g3 Nf6 6.Bg2 d6 7.Nge2 Be7 8.O-O e5 9.d3 Nc6
10.f4 Nd4 11.b4 O-O 12.b5 a6 13.bxa6 Rxa6 14.h3 Bc6 15.g4 Nd7 16.Ra2 Nxe2+
17.Nxe2 exf4 18.Nxf4 Bf6 19.Kh1 Be5 20.Ne2 Qa8 21.Qd2 b5 22.cxb5 Bxb5 23.Re1 Bc6
24.Ng1 Rb8 25.Nf3 Bg3 26.Rf1 Ne5 27.Bb2 Rb3 28.Qc2 Qb7 29.Bxe5 dxe5 30.Qxc5 Rxd3
31.Nxe5 Bxe5 32.Qxe5 Raxa3 33.Raf2 h6 34.Rxf7 Qxf7 35.Rxf7 Kxf7 36.Qf5+ Ke7
37.Qe5+ Kd8 38.Qxg7 Rd6 39.Kh2 Rad3 40.e5 Rd2 41.Qf8+ Kd7 42.Qxd6+ Rxd6 43.exd6 Bb5
44.Kg3 Kxd6  1/2-1/2

[Event "ch-ESP Abierto"]
[Site "Seville ESP"]
[Date "2004.08.17"]
[Round "5"]
[White "Alcazar Jimenez,V"]
[Black "Barrero Garcia,C"]
[Result "1-0"]
[WhiteElo "2412"]
[BlackElo "2268"]

1.c4 b6 2.Nc3 Bb7 3.e4 e6 4.Nf3 Bb4 5.d3 Ne7 6.Qb3 c5 7.a3 Ba5 8.Bg5 h6 9.Bf4 f5
10.O-O-O O-O 11.Bd6 Bxc3 12.Qxc3 fxe4 13.Ne5 Rxf2 14.d4 cxd4 15.Qxd4 Rf6
16.Bxb8 Qxb8 17.Nxd7 Qf4+ 18.Kb1 Rf5 19.g3 Qf3 20.Bh3 e3 21.Rhe1 e2 22.Rd2 Be4+
23.Ka2 Nc6 24.Qd6 Ra5 25.Rdxe2 Bd3 26.Bxe6+ Kh8 27.Re3 Qf2 28.Qxc6  1-0

[Event "14th Open"]
[Site "Abu Dhabi UAE"]
[Date "2004.08.21"]
[Round "7"]
[White "Moradiabadi,E"]
[Black "Hassan,Ab"]
[Result "0-1"]
[WhiteElo "2435"]
[BlackElo "2324"]

1.c4 b6 2.Nc3 Bb7 3.d4 e6 4.a3 f5 5.Nf3 Nf6 6.g3 Be7 7.Bg2 O-O 8.O-O Ne4
9.Nxe4 Bxe4 10.b4 Bf6 11.Bb2 Nc6 12.Ne1 Bxg2 13.Nxg2 a5 14.b5 Ne7 15.Qd3 d5
16.Nf4 Qd7 17.a4 g5 18.Nh5 dxc4 19.Qxc4 Nd5 20.Rae1 Qe8 21.Nxf6+ Rxf6 22.e4 fxe4
23.Rxe4 Qg6 24.Rxe6 Rxe6 25.Qxd5 Re8 26.Qc4 Qf7 27.d5 Re1 28.Qc3 Rxf1+ 29.Kxf1 Qg6
30.h3 Re7 31.Kg2 Qe4+ 32.Kh2 Qxd5 33.Qh8+ Kf7 34.Bf6 Rd7 35.Bb2 Qf5 36.Bd4 Re7
37.Qg7+ Ke8 38.Qg8+ Kd7 39.Qc4 Qe4 40.Qc3 Qd5 41.Be3 h5 42.Qc1 g4 43.h4 Re4
44.Qa1 Kc8 45.Bf4 Kb7 46.Qc3 Rc4 47.Qg7 Qd4  0-1

[Event "TCh-SCG Men"]
[Site "Budva SCG"]
[Date "2004.09.09"]
[Round "2"]
[White "Damljanovic,B"]
[Black "Aleksic,Nen1"]
[Result "0-1"]
[WhiteElo "2579"]
[BlackElo "2395"]

1.c4 b6 2.d4 e6 3.Nc3 Bb4 4.Qc2 Bb7 5.a3 Bxc3+ 6.Qxc3 f5 7.Qg3 Kf7 8.Nf3 Nf6
9.Ne5+ Kg8 10.b4 d6 11.Nd3 Kf7 12.Bb2 Re8 13.e3 Nbd7 14.Be2 Kg8 15.h4 Qe7
16.Qh3 c5 17.O-O Rac8 18.Rac1 Rf8 19.Rfd1 Ba6 20.a4 Ne4 21.f3 Nef6 22.dxc5 bxc5
23.b5 Bb7 24.Nf2 Nh5 25.f4 Nhf6 26.Bf3 Bxf3 27.Qxf3 d5 28.g4 fxg4 29.Nxg4 Nxg4
30.Qxg4 dxc4 31.Rxc4 Nf6 32.Qg5 h6 33.Qg6 Rcd8 34.Rcc1 Rxd1+ 35.Rxd1 Nd5
36.Qg3 Rf7 37.Be5 c4 38.e4 Nf6 39.Rd4 Nh5 40.Qg4 Nxf4 41.Bxf4 e5 42.Qc8+ Kh7
43.Rd8 Rxf4 44.Rh8+ Kg6 45.Qe8+ Qxe8 46.Rxe8 Rxe4 47.a5 c3 48.Rc8 Rb4 49.Rxc3 Rxb5
50.Rc6+ Kh5 51.a6 Ra5 52.Kf2 Ra3 53.Ke2 g6 54.Kd2 e4 55.Ke2 Rg3 56.Rc7 Kxh4
57.Rxa7 Ra3 58.Rh7 h5 59.a7 g5 60.Re7 g4 61.Rg7 Kh3 62.Kf2 h4  0-1

[Event "IMB Classic"]
[Site "Gausdal NOR"]
[Date "2004.09.25"]
[Round "4"]
[White "Royset,P"]
[Black "Hammer,J"]
[Result "0-1"]
[WhiteElo "2232"]
[BlackElo "2095"]

1.c4 b6 2.Nc3 Bb7 3.d4 e6 4.a3 f5 5.Nf3 Nf6 6.g3 Bd6 7.Bg2 O-O 8.d5 Na6 9.b4 c6
10.dxc6 dxc6 11.Bf4 Bxf4 12.gxf4 c5 13.b5 Nb8 14.O-O Qc7 15.Qd2 Nbd7 16.Rfd1 e5
17.Qd6 Qxd6 18.Rxd6 Bxf3 19.Bxf3 e4 20.Bg2 Kf7 21.Rad1 Ke7 22.f3 exf3 23.Bxf3 Rad8
24.R6d3 g6 25.Kf2 Ne4+ 26.Bxe4 fxe4 27.Nxe4 Rxf4+ 28.Ke3 Rh4 29.Ng5 Rxh2
30.Nf3 Rh5 31.Rd6 Rf5 32.a4 g5 33.Ke4 Rf6 34.R6d5 Re6+ 35.Kd3 g4 36.Nh4 Re5
37.e4 Nf6 38.Rxd8 Kxd8 39.Re1 h5 40.Re3 Nd7 41.Re1 Rg5 42.Ke3 g3 43.Rd1 Rg4
44.Nf3 Ke7 45.Rd5 h4 46.Rxd7+ Kxd7 47.Ne5+ Ke6 48.Nxg4 h3 49.Kf3 h2 50.Kg2 Kd6
51.Ne3 Ke5 52.Nd5 Kxe4 53.Nxb6 axb6 54.a5 Ke3  0-1

[Event "Tatry Open"]
[Site "Tatranske Zruby SVK"]
[Date "2004.09.27"]
[Round "3"]
[White "Hujo,J"]
[Black "Jossien,A"]
[Result "0-1"]
[WhiteElo "2061"]
[BlackElo "2326"]

1.c4 b6 2.Nc3 Bb7 3.e4 e6 4.d4 Bb4 5.Bd3 f5 6.Qe2 Nf6 7.Bg5 h6 8.Bxf6 Qxf6
9.Nf3 c5 10.O-O-O cxd4 11.Nb5 fxe4 12.Bxe4 Qf4+ 13.Nd2 Bxe4 14.Qxe4 Bxd2+
15.Rxd2 Qxe4 16.Nd6+ Ke7 17.Nxe4 Nc6 18.f4 Rhf8 19.g3 Rac8 20.b3 Rf5 21.Re1 g5
22.fxg5 hxg5 23.g4 Re5 24.Ree2 Rh8 25.Ng3 Rh4 26.Rxe5 Nxe5 27.Re2 d6 28.Re4 Rxh2
29.Rxd4 Rg2 30.Nf1 Rg1 31.Rd1 Nxg4  0-1

[Event "IMB Classic"]
[Site "Gausdal NOR"]
[Date "2004.09.30"]
[Round "10"]
[White "Berg,K"]
[Black "Hammer,J"]
[Result "0-1"]
[WhiteElo "2427"]
[BlackElo "2095"]

1.c4 b6 2.Nc3 Bb7 3.d4 e6 4.a3 f5 5.Nf3 Nf6 6.g3 Ne4 7.Qc2 Nxc3 8.Qxc3 Be7
9.Bg2 O-O 10.O-O Bf6 11.b4 Nc6 12.Bb2 g5 13.e3 Ne7 14.Qb3 h5 15.d5 Bxb2 16.Qxb2 Ng6
17.Rfd1 g4 18.Ne1 e5 19.c5 d6 20.Rac1 Rf7 21.Rc2 h4 22.f4 gxf3 23.Nxf3 hxg3
24.hxg3 e4 25.c6 Ba6 26.Nd4 Qg5 27.b5 Qxe3+ 28.Rf2 Bc8 29.Qb3 Qh6 30.Re1 Ne5
31.Rf4 Nd3 32.Ref1 Rh7 33.R1f2 Nxf2 34.Kxf2 Qf6 35.Qe3 Qe5 36.Bxe4 fxe4 37.Rxe4 Rf7+
38.Kg1 Qh5 39.Re8+ Kg7 40.Ne2 Qg6 41.a4 a6 42.bxa6 Rf1+ 43.Kxf1 Bh3+  0-1

[Event "Premier League"]
[Site "Belgrade SCG"]
[Date "2004.10.01"]
[Round "7"]
[White "Jovic,A"]
[Black "Pucarevic,M"]
[Result "1-0"]
[WhiteElo "2409"]
[BlackElo "2296"]

1.c4 b6 2.Nc3 Bb7 3.Nf3 Nf6 4.e3 e6 5.Be2 Be7 6.O-O O-O 7.a3 c5 8.Rb1 d5
9.d4 Nbd7 10.b3 Rc8 11.Bb2 a6 12.cxd5 exd5 13.Bd3 g6 14.Qe2 b5 15.dxc5 Bxc5
16.Rfd1 Re8 17.Qd2 Ng4 18.Nd4 Qh4 19.h3 Nge5 20.Nce2 Nf6 21.Ng3 Bd6 22.Be2 Ne4
23.Nxe4 Qxe4 24.Rbc1 Nd7 25.Bf3 Qe7 26.Nc2 Be5 27.Nb4 Nf6 28.Nd3 Bxb2 29.Qxb2 Rcd8
30.Nc5 Bc8 31.Rd4 Be6 32.Nxa6 Rc8 33.Rcd1 Red8 34.Nb4 Rd7 35.Nxd5 Bxd5 36.Bxd5 Nxd5
37.Rxd5 Ra7 38.b4 Rca8 39.R1d3 Rb7 40.Qd4 Rf8 41.h4 h5 42.Rg5 Rc8 43.g4 hxg4
44.Qxg4 Rc1+ 45.Kg2 Rc4 46.Rd4 Rc6 47.h5 Rbb6 48.Rd7 Qf6 49.hxg6 fxg6 50.Qh4 Kf8
51.Qh6+ Ke8 52.Rdd5 Rc7 53.Qh4 Rf7 54.Rge5+ Re7 55.Qxf6 Rxf6 56.Rxb5  1-0

[Event "Goodbye Summer Open"]
[Site "Omis CRO"]
[Date "2004.10.08"]
[Round "3"]
[White "Biliskov,V"]
[Black "Zaja,I"]
[Result "1-0"]
[WhiteElo "2325"]
[BlackElo "2459"]

1.c4 b6 2.d4 e6 3.a3 Nf6 4.Nc3 Bb7 5.d5 c6 6.e4 cxd5 7.cxd5 exd5 8.exd5 Qe7+
9.Be3 g6 10.Be2 Bg7 11.Bf3 d6 12.Nge2 Nbd7 13.g3 O-O 14.O-O Ne5 15.Bg2 Ba6
16.Bd4 Nfd7 17.h3 Rfe8 18.Ra2 Rac8 19.b3 Nd3 20.Bxg7 Kxg7 21.Rd2 Ne1 22.Qxe1 Rxc3
23.Qa1 Bxe2 24.Qxc3+ Qf6 25.Qxf6+ Nxf6 26.Re1 Ba6 27.Rxe8 Nxe8 28.Bf1 Bb7
29.Bb5 Nc7 30.Bc6 Bxc6 31.dxc6 d5 32.f4  1-0

[Event "XI Bela Papp Mem"]
[Site "Torokbalint HUN"]
[Date "2004.10.16"]
[Round "1"]
[White "Galyas,M"]
[Black "Paschall,W"]
[Result "1/2-1/2"]
[WhiteElo "2438"]
[BlackElo "2394"]

1.c4 b6 2.Nc3 Bb7 3.e4 e6 4.Nge2 Bb4 5.a3 Bxc3 6.Nxc3 Ne7 7.g3 O-O 8.Bg2 f5
9.O-O Nbc6 10.d4 fxe4 11.Nxe4 Nf5 12.d5 Ne5 13.dxe6 dxe6 14.Qxd8 Raxd8 15.Ng5 Bxg2
16.Kxg2 Rfe8 17.b3 h6 18.Ne4 c5 19.Bb2 Nd3 20.Bc3 Nd4 21.Rab1 Ne5 22.Rfd1 Ndc6
23.h3 Nf7 24.g4 e5 25.b4 cxb4 26.axb4 Rxd1 27.Rxd1 Rd8 28.Rxd8+ Ncxd8 29.b5 Kf8
30.Bb4+ Ke8 31.c5 Ne6 32.cxb6 axb6 33.Nd6+ Nxd6 34.Bxd6 e4 35.Be5 g6 36.f3 exf3+
37.Kxf3 Kd7 38.h4 Nc7 39.Bd4  1/2-1/2

[Event "Open"]
[Site "Liberec CZE"]
[Date "2004.10.28"]
[Round "7"]
[White "Blahacek,E"]
[Black "Vavra,P1"]
[Result "0-1"]
[WhiteElo "2143"]
[BlackElo "2392"]

1.c4 b6 2.Nc3 Bb7 3.d4 e6 4.a3 f5 5.Nf3 Nf6 6.g3 Ne4 7.Qc2 Be7 8.Bg2 Bf6
9.Ne5 Nd6 10.Bxb7 Nxb7 11.Nf3 Nd6 12.c5 Nf7 13.cxb6 axb6 14.d5 O-O 15.dxe6 dxe6
16.O-O Qe7 17.e4 Bxc3 18.bxc3 Nd7 19.exf5 exf5 20.Bf4 g5 21.Rfe1 Qf6 22.Rad1 Nc5
23.Be3 Ne4 24.Bd4 Qe6 25.Nd2 c5 26.Nxe4 fxe4 27.Be3 Ne5 28.Bxg5 Nf3+ 29.Kg2 Nxg5
30.Kh1 Rxa3 31.f4 Ra2  0-1

[Event "8th OIBM"]
[Site "Bad Wiessee GER"]
[Date "2004.11.02"]
[Round "4"]
[White "Siebrecht,S"]
[Black "Bunzmann,D"]
[Result "1-0"]
[WhiteElo "2366"]
[BlackElo "2544"]

1.c4 b6 2.d4 e6 3.e4 Bb7 4.Bd3 f5 5.exf5 Bb4+ 6.Kf1 Nf6 7.Be2 O-O 8.c5 bxc5
9.a3 Ba5 10.dxc5 Ne4 11.b4 Qf6 12.Ra2 Bd5 13.Rb2 Nc6 14.Nf3 Rab8 15.h4 Ne5
16.Nbd2 Nc3 17.Qc2 Nxe2 18.Kxe2 exf5 19.Kf1 Qa6+ 20.Kg1 Nd3 21.b5 Ne1 22.bxa6 Nxc2
23.Rxc2 Rfe8 24.Nd4 Bxd2 25.Rxd2 Re4 26.Nxf5 Be6 27.Ne3 Rb1 28.Rd1 Bb3 29.Re1 d5
30.cxd6 cxd6 31.f3 Rxc1 32.Rxc1 Rxe3 33.Kf2 Rd3 34.Rhe1 Ba4 35.Re7  1-0

[Event "V Open"]
[Site "Sauzal ESP"]
[Date "2004.11.07"]
[Round "8"]
[White "Fernandez Manrique,A"]
[Black "Yewdokimov,O"]
[Result "1-0"]
[WhiteElo "2136"]
[BlackElo "2376"]

1.c4 b6 2.Nf3 Bb7 3.g3 Bxf3 4.exf3 c5 5.d4 cxd4 6.Qxd4 Nc6 7.Qd1 g6 8.Bd2 Bg7
9.Bc3 Nf6 10.Bg2 O-O 11.O-O Qc7 12.Nd2 Rac8 13.Rc1 d6 14.Re1 e5 15.Ne4 Rfd8
16.Nxf6+ Bxf6 17.f4 Nd4 18.Bxd4 exd4 19.Bh3 Rb8 20.Qd3 Qc5 21.Rcd1 Qb4 22.b3 Re8
23.Qd2 Qc3 24.Bd7 Rxe1+ 25.Qxe1 Rb7 26.Qe8+ Kg7 27.Qc8 Qc2 28.Rf1 Rxd7 29.Qxd7 Qxa2
30.Qxd6 Qxb3 31.c5 Qa3 32.Qd7 bxc5 33.Rb1 d3 34.Rb7 Qc1+ 35.Kg2 Qc4 36.Rxa7 Bd4
37.Qd6 Qb5 38.Qe6 Kh6 39.Rxf7  1-0

[Event "4NCL"]
[Site "West Bromwich ENG"]
[Date "2004.11.20"]
[Round "3"]
[White "Kelly,B"]
[Black "Simons,M"]
[Result "1-0"]
[WhiteElo "2494"]
[BlackElo "2293"]

1.c4 b6 2.Nf3 Bb7 3.g3 Bxf3 4.exf3 c5 5.d4 Nc6 6.d5 Nd4 7.Nc3 g6 8.Bg2 Nh6
9.h4 Bg7 10.h5 d6 11.Bg5 f5 12.Be3 Qd7 13.Ne2 Nxe2 14.Qxe2 Nf7 15.f4 a6 16.Rb1 a5
17.Bf3 Nh6 18.Kf1 Rb8 19.Bd2 b5 20.b3 b4 21.Bc1 Bf6 22.Bb2 Kf7 23.Re1 Rbe8
24.Qd2 Kg7 25.Re6 Rhf8 26.Kg2 Bxb2 27.Qxb2+ Rf6 28.Bd1 Rf8 29.f3 Nf7 30.Rhe1 Re8
31.Qxf6+ exf6 32.Rxe8 Ne5 33.Re6  1-0

[Event "TCh-BEL 2004-5"]
[Site "Belgium BEL"]
[Date "2004.11.21"]
[Round "4"]
[White "Cekro,E"]
[Black "Groffen,H"]
[Result "1-0"]
[WhiteElo "2433"]
[BlackElo "2244"]

1.c4 b6 2.Nc3 Bb7 3.e4 e6 4.g3 f5 5.Bg2 Nf6 6.d3 Bb4 7.Ne2 fxe4 8.O-O O-O
9.dxe4 Ng4 10.Na4 Qe7 11.h3 Ne5 12.a3 Bd6 13.Nec3 c6 14.b3 Nf7 15.b4 Na6
16.Be3 Rad8 17.Qe2 Bb8 18.Rfd1 d6 19.f4 Rd7 20.Rd2 Rfd8 21.Rad1 Nc7 22.Bf2 Nh8
23.h4 Qf7 24.Bh3 Ne8 25.Qg4 Re7 26.c5 bxc5 27.Nxc5 Bc8 28.e5 d5 29.N3e4 h6
30.a4 Qg6 31.Qxg6 Nxg6 32.h5 Nf8 33.g4 Rf7 34.Bh4 Bc7 35.Bxd8 Bxd8 36.Rf1 a5
37.bxa5 Bxa5 38.Rb2 dxe4 39.Rb8 Bd2 40.Rxc8 Nc7 41.Nxe4 Be3+ 42.Kh1 Nd5 43.g5 Nxf4
44.g6 Re7 45.Rxf4 Bxf4 46.Nc5  1-0

[Event "Region Champ"]
[Site "Voronezh RUS"]
[Date "2004.12.03"]
[Round "1"]
[White "Provotorov,I"]
[Black "Chernyshov,K"]
[Result "1-0"]
[WhiteElo "2334"]
[BlackElo "2569"]

1.c4 b6 2.e4 Bb7 3.Nc3 e6 4.Nf3 Bb4 5.Qb3 Na6 6.Be2 Ne7 7.O-O O-O 8.d3 f5
9.e5 Ng6 10.a3 Bc5 11.Bg5 Qc8 12.Rad1 h6 13.Bc1 Bxf3 14.Bxf3 Nh4 15.d4 Nxf3+
16.gxf3 Be7 17.Ne2 c6 18.Kh1 Nc7 19.Rg1 Kh7 20.Rg2 Rg8 21.Rdg1 Qe8 22.Qe3 g5
23.h4 Qf7 24.Rh2 Kg7 25.Nf4 Kf8 26.Nh3 f4 27.Qe4 b5 28.Rhg2 Rh8 29.Bxf4 bxc4
30.Bd2 Nd5 31.f4 gxh4 32.f5 exf5 33.Qf3 Rb8 34.Rg6 Rb3 35.Bc3 a5 36.e6 dxe6
37.Nf4 Bf6 38.Rxf6 Qxf6 39.Rg6 Qf7 40.Nxe6+  1-0

[Event "Master Open"]
[Site "Singapore SIN"]
[Date "2004.12.14"]
[Round "6"]
[White "Singh,Ri"]
[Black "El Arousy,A"]
[Result "1/2-1/2"]
[WhiteElo "2259"]
[BlackElo "2388"]

1.c4 b6 2.Nc3 Bb7 3.e4 e6 4.g3 Bb4 5.Bg2 f5 6.Nge2 Nf6 7.Qc2 O-O 8.O-O Bxc3
9.Nxc3 fxe4 10.Nxe4 Nc6 11.Qc3 e5 12.d3 Nd4 13.Re1 c5 14.Nxf6+ Qxf6 15.Bxb7 Qxf2+
16.Kh1 Nf3 17.Bxf3 Qxf3+ 18.Kg1 Qf2+  1/2-1/2

[Event "Open"]
[Site "Zadar CRO"]
[Date "2004.12.14"]
[Round "2"]
[White "Stipic,M"]
[Black "Tratar,M"]
[Result "0-1"]
[WhiteElo "2222"]
[BlackElo "2473"]

1.c4 b6 2.d4 e6 3.Nc3 Bb4 4.Qb3 a5 5.a3 a4 6.Qc2 Bxc3+ 7.Qxc3 Nf6 8.Bg5 Bb7
9.e3 h6 10.Bh4 d6 11.Nf3 Nbd7 12.Bd3 Qe7 13.O-O g5 14.Bg3 Ne4 15.Qc2 Ndf6
16.Be5 dxe5 17.dxe5 Nc5 18.exf6 Qxf6 19.Nd4 O-O-O 20.Be2 e5 21.Nf3 Qe6 22.Nd2 f5
23.b4 axb3 24.Nxb3 Nxb3 25.Qxb3 Rd2 26.Rfe1 f4 27.Bf1 f3 28.g3 h5 29.Red1 Rxd1
30.Rxd1 h4 31.Rd2 hxg3 32.fxg3 Qc6 33.Rd5 f2+ 34.Kxf2 Qh6 35.h3 Qf6+ 36.Ke1 Rf8
37.Be2 Qf2+ 38.Kd2 Qxg3 39.Bg4+ Kb8 40.Qd3 Qg2+ 41.Kc3 Bxd5 42.cxd5 Qa2 43.Kb4 Qb2+
44.Kc4 Rf2  0-1

[Event "BC Masters"]
[Site "Bois Colombes FRA"]
[Date "2004.12.29"]
[Round "9"]
[White "Okhotnik,V"]
[Black "Marcelin,C"]
[Result "0-1"]
[WhiteElo "2426"]
[BlackElo "2453"]

1.c4 b6 2.Nc3 Bb7 3.e4 e6 4.Nf3 Nf6 5.Bd3 d6 6.Bc2 c5 7.d4 cxd4 8.Nxd4 a6
9.O-O Nbd7 10.b3 Be7 11.Qf3 Qc7 12.Rd1 Rc8 13.a4 O-O 14.Qh3 Rfe8 15.Be3 Bf8
16.Rac1 Qb8 17.g4 g6 18.Nde2 h5 19.gxh5 Nxh5 20.Ng3 Nhf6 21.f4 d5 22.e5 Nxe5
23.fxe5 Qxe5 24.Bd4 Bc5 25.Qh4 dxc4 26.b4 Bxd4+ 27.Qxd4 Qg5 28.Qxb6 Ba8 29.Qf2 Ng4
30.Qe2 f5 31.Rf1 Rc7 32.Rce1 Rh7 33.Bxf5 gxf5 34.Rxf5 Qg7 35.Qxc4 Nxh2 36.Kf2 Ng4+
37.Kf1 Nh2+ 38.Kf2 Ng4+ 39.Kf1 Qg6 40.Rf4 Rh4 41.Re2 Bf3 42.Qc7 Bxe2+ 43.Ncxe2 Ne3+  0-1

[Event "112th ch-NZL"]
[Site "Wanganui NZL"]
[Date "2005.01.02"]
[Round "1"]
[White "Stuart,P"]
[Black "Wohl,A"]
[Result "0-1"]
[WhiteElo "2154"]
[BlackElo "2359"]

1.c4 b6 2.b3 Bb7 3.Bb2 e6 4.e3 f5 5.Nf3 Nf6 6.Be2 Bd6 7.O-O O-O 8.Ne5 Nc6
9.f4 Bxe5 10.Bxe5 Nxe5 11.fxe5 Ne4 12.Bf3 Qg5 13.Qe2 d6 14.d3 Nc5 15.exd6 cxd6
16.Bxb7 Nxb7 17.Nc3 Nc5 18.d4 Nd7 19.Qf3 Nf6 20.e4 Rae8 21.Rae1 Ng4 22.h3 Nh6
23.Qf4 Qe7 24.exf5 Nxf5 25.g4 e5 26.dxe5 dxe5 27.Qe4 Nh4 28.Qd5+ Kh8 29.Rxf8+ Rxf8
30.Rf1 Rd8 31.Qf7 Qc5+ 32.Qf2 Nf3+ 33.Kh1 Nd4 34.Ne4 Qc8 35.Ng5 Qb7+ 36.Kh2 Kg8
37.Nf7 Re8 38.Nd6 Qe7 39.Nxe8 Qxe8 40.Qg2 e4  0-1

[Event "HSK IM"]
[Site "Hamburg GER"]
[Date "2005.01.05"]
[Round "6"]
[White "Stanke,J"]
[Black "Langrock,H"]
[Result "1/2-1/2"]
[WhiteElo "2318"]
[BlackElo "2402"]


1.c4 b6 2.d4 e6 3.a3 Bb7 4.Nc3 Nf6 5.d5 Bd6 6.Nf3 O-O 7.g3 c6 8.dxc6 dxc6
9.Bg2 a6 10.Bg5 Be7 11.Qc2 Nbd7  1/2-1/2

[Event "Tch-CRO U20"]
[Site "Sv. Filip i Jakov CRO"]
[Date "2005.03.02"]
[Round "6"]
[White "Ramesa,D"]
[Black "Pavkovic,M"]
[Result "0-1"]
[WhiteElo "2156"]
[BlackElo "2206"]

1.c4 b6 2.Nc3 Bb7 3.d4 e6 4.a3 Nf6 5.Bg5 Be7 6.Nf3 O-O 7.e3 d5 8.Bd3 Nbd7
9.O-O c5 10.cxd5 Nxd5 11.Bxe7 Qxe7 12.Nxd5 Bxd5 13.Rc1 cxd4 14.e4 Bb7 15.Rc7 Bc8
16.e5 Qd8 17.Rc4 Bb7 18.Rxd4 Bxf3 19.Qxf3 Qc7 20.Rh4 g6 21.Qh3 Qxe5 22.Rxh7 Rfd8
23.Rh4 Nc5 24.Bb1 Qxb2 25.Rg4 Kg7 26.Qf3 Rd5 27.h4 Rad8 28.Rb4 Qd2 29.Qg3 R8d6
30.Rg4 Kf8 31.Bxg6 fxg6 32.Rxg6 Rf5 33.h5 Ne4 34.Rg8+ Ke7 35.Qh4+ Nf6 36.h6 Qf4
37.Rg7+ Kf8 38.Qh3 Rh5 39.Qg3 Qxh6 40.Qxd6+ Kxg7 41.Qc7+ Kh8 42.Qb8+ Ng8
43.f4 Qf6 44.Rd1 Qh4 45.Rf1 Qg3 46.Rf3 Qe1+ 47.Rf1 Qe3+ 48.Rf2 Rc5  0-1